00240nam a2200109Ia 4500003000400000005001700004008004100021020001500062040002000077100001700097245001600114OSt20240210122605.0170524s9999 xx 000 0 und d a8170296897 cIIMT UNIVERSITY aTAXALI- R.K. 0aFOX PRO 2.5